000 00264nam a2200133Ia 4500
100 _aRaker/D/ Rice/H
942 _cBK
654 _aAutocad
245 _aInside Autocad
260 _bNew Riders
_aDubai
_c1989
082 _a4.3
546 _aENGLISH
999 _c32821
_d32821